000 00956cam a2200253 a 4500
005 20031230185550.0
008 940308s1993 enkab b 001 0 eng
010 _aENG-101646
020 _c150.00
_a9788184001020
035 _aEN-85179
037 _bDBAD/PUB
040 _adpl
_bEng
082 _a641.5
100 1 _922405
_aDalmia, Ritu
245 1 0 _aItalian khana dinner party /
_cby Ritu Dalmia with Hindi translations by Shoba Sinha ; photographs by Sephi Bergerson [and] Anshika Verma
260 _aNoida
_bRandom House India
_c2010
270 _aMind Mill Corporate Tower, 2nd Floor, Plot No 24A Sector 16A,
_bNoida
_e201301
300 _a119p.:
_c17cm (pbk)
_bill
650 0 _922448
651 _922481
700 _922431
_aSinha, Shoba
942 _2ddc
_cEN
_mDAL
_h641.5
999 _c48253
_d48253